000 00968nam a22002297a 4500
999 _c6529
_d6529
005 20251125232808.0
008 s2540 th tha d
020 _a9748992799
040 _aNALT
041 _atha
050 _aJQ1745.A6 อ581น 2540
100 0 _aอัษฎางค์ ปาณิกบุตร
245 1 0 _aแนวคิดเกี่ยวกับการปฏิรูปการเมือง
260 3 _aกรุงเทพฯ :
_bสถาบันนโยบายการศึกษา,
_c2540
300 _a138 หน้า ;
_b 21 ซม.
650 0 4 _aการปฏิรูปการเมือง -- ไทย
650 0 4 _aการแก้ไขรัฐธรรมนูญ
650 0 4 _aไทย -- การเมืองและการปกครอง -- รวมเรื่อง
850 _aNALT
856 4 0 _uhttps://hdl.handle.net/20.500.14156/336637
_71
942 _cGB
_2lcc